A history of the Manipur Baptist Convention / (Record no. 6149)

MARC details
000 -LEADER
fixed length control field 00732nam a22002057a 4500
003 - CONTROL NUMBER IDENTIFIER
control field GBCCL
005 - DATE AND TIME OF LATEST TRANSACTION
control field 20241126110557.0
008 - FIXED-LENGTH DATA ELEMENTS--GENERAL INFORMATION
fixed length control field 180502b ||||| |||| 00| 0 eng d
040 ## - CATALOGING SOURCE
Transcribing agency gbc
082 ## - DEWEY DECIMAL CLASSIFICATION NUMBER
Classification number 275.417
Item number ZEL
100 ## - MAIN ENTRY--PERSONAL NAME
Personal name Zeliang, Elungkiebe
9 (RLIN) 4681
245 ## - TITLE STATEMENT
Title A history of the Manipur Baptist Convention /
Statement of responsibility, etc. Elungkiebe Zeliang
260 ## - PUBLICATION, DISTRIBUTION, ETC.
Place of publication, distribution, etc. Imphal:
Name of publisher, distributor, etc. Manipur Baptist Convention,
Date of publication, distribution, etc. 2005
300 ## - PHYSICAL DESCRIPTION
Extent 289 p.;
Other physical details ill.,
Dimensions 21 cm.
508 ## -
-- Published on the occasion of MBC National Leadership Golden Jubilee Celebration (1955 - 2005)
650 ## - SUBJECT ADDED ENTRY--TOPICAL TERM
Topical term or geographic name entry element Manipur Baptist Convention
General subdivision History
9 (RLIN) 11057
650 ## - SUBJECT ADDED ENTRY--TOPICAL TERM
Topical term or geographic name entry element Baptist
Geographic subdivision India
-- Manipur
General subdivision History
9 (RLIN) 11058
650 ## - SUBJECT ADDED ENTRY--TOPICAL TERM
Topical term or geographic name entry element Manipur (India)
General subdivision Church History
9 (RLIN) 11059
942 ## - ADDED ENTRY ELEMENTS (KOHA)
Source of classification or shelving scheme Dewey Decimal Classification
Koha item type Books
Koha issues (borrowed), all copies 14
Holdings
Withdrawn status Lost status Source of classification or shelving scheme Damaged status Not for loan Home library Current Library Shelving location Date acquired Total checkouts Full call number Barcode Date last seen Date last checked out Copy number Price effective from Koha item type
    Dewey Decimal Classification     GRACE BIBLE COLLEGE GRACE BIBLE COLLEGE North East Collection 2018-05-02 15 275.417 ZEL 010290 2025-09-26 2025-09-24 c.1 2018-05-02 Books
© Grace Bible College Library 2025